Lo artístico y lo estético

Gardado en:
Detalles Bibliográficos
Autor Principal: Argán, Giulio Carlo (autor)
Formato: Libro
Idioma:Lingua castelá
Publicado: Madrid Casimiro Libros 2012
Edición:2a. ed
Subjects:
Tags: Engadir etiqueta
Sen Etiquetas, Sexa o primeiro en etiquetar este rexistro!

MARC

LEADER 00000cam a2200000 a 4500
001 UCF5558
003 CL-VaPUC
008 130318e20120000SP |||||||||||||||||spa|d
020 |a 9788493837501 
082 0 4 |a 701.45  |b ARG  |2 21 
100 |a Argán, Giulio Carlo  |e autor  |9 302784 
245 1 3 |a Lo artístico y lo estético 
250 |a 2a. ed 
300 |a 62 p 
942 |c BK 
945 |d 20130318 00:00:00  |a dcastane 
260 |a Madrid  |b Casimiro Libros  |c 2012 
650 0 |a Percepción visual  |9 267039 
650 0 |a Arte  |9 265238 
650 0 |a Estética   |9 264950 
650 0 |a Arte y sociedad   |9 306277 
583 |a last modification  |c 20130318 11:20:00  |k Rodrigo Vera 
999 |c 351056  |d 351054 
952 |0 0  |1 0  |4 0  |6 701_450000000000000_ARG_2012  |7 0  |8 A  |9 454929  |a BIBART  |b BIBART  |d 2019-11-22  |i 4954815  |l 2  |o 701.45 ARG 2012  |p 4954815  |r 2025-03-13  |s 2023-08-21  |w 2019-11-22  |y BK  |k ART